| 000 | 00807nam a2200265 i 4500 | ||
|---|---|---|---|
| 001 | 147578 | ||
| 003 | ES-MaACL | ||
| 005 | 20230906202115.0 | ||
| 007 | t| | ||
| 008 | 071003s1969 sp ||||1| spa d | ||
| 080 | _a517.3 | ||
| 080 | _a512.94/.99 | ||
| 100 | 1 |
_aUrwin, Kathleen M. _9112279 |
|
| 245 | 1 | 0 |
_aCálculo superior y teoría del vector-campo / _cKathleen M. Urwin ; versión... de Elena Martín Peinador. |
| 250 | _a[1ª ed.]. | ||
| 260 |
_aMadrid : _bAlhambra, _c[1969] |
||
| 300 |
_aVIII, 292 p. : _bil. ; _c20 cm. |
||
| 490 | 1 |
_aExedra ; _v40 |
|
| 650 | 1 | 4 |
_aCálculo integral. _910672 |
| 650 | 1 | 4 |
_aCálculo vectorial. _910677 |
| 700 | 1 |
_aMartín Peinador, Elena. _977599 |
|
| 830 | 0 |
_aExedra ; _v40 _9177436 |
|
| 852 |
_aES-MaACL _jC-35997 _bR.69028 |
||
| 999 |
_c147578 _d147578 |
||